| 000 | 00804nam a2200229Ia 4500 | ||
|---|---|---|---|
| 003 | GCL | ||
| 008 | 140319s9999 xx 000 0 ara d | ||
| 040 |
_aGCL / _cGCL |
||
| 082 | 0 | 4 |
_aق _b962.04 _bج هـ |
| 100 | 1 | _aبدر الرفاعى | |
| 245 | 1 | 0 |
_aهوية مصر بين العرب والاسلام / _cبدر الرفاعى |
| 700 | 1 | _aجانكوفسكى، ج 0 | |
| 700 | 1 | _aجرشونى، ا0 | |
| 260 |
_aالقاهرة : _bدار شرقيات للنشر ، _c1991 |
||
| 300 |
_a447 ص ؛ _c28 سم |
||
| 650 | 0 | 4 | _aالقومية العربية |
| 650 | 0 | 4 | _aمصر - تاريخ |
| 650 | 0 | 4 | _aمصر - الاحوال السياسية |
| 650 | 0 | 4 | _aالعالم العربى - تاريخ |
| 650 | 0 | 4 | _aمصر - تاريخ - العصر الحديث - ثورة 1919 |
| 942 |
_2ddc _cBK |
||
| 999 |
_c58389 _d58389 |
||